<?xml version="1.0" encoding="UTF-8"?>
<record
    xmlns:xsi="http://www.w3.org/2001/XMLSchema-instance"
    xsi:schemaLocation="http://www.loc.gov/MARC21/slim http://www.loc.gov/standards/marcxml/schema/MARC21slim.xsd"
    xmlns="http://www.loc.gov/MARC21/slim">

  <leader>004760000a22001810004500</leader>
  <controlfield tag="001">11781</controlfield>
  <datafield tag="010" ind1=" " ind2=" ">
    <subfield code="a">2-7076-0373-2</subfield>
  </datafield>
  <datafield tag="090" ind1=" " ind2=" ">
    <subfield code="9">11784</subfield>
    <subfield code="a">11781</subfield>
  </datafield>
  <datafield tag="099" ind1=" " ind2=" ">
    <subfield code="t">LIVR</subfield>
  </datafield>
  <datafield tag="100" ind1=" " ind2=" ">
    <subfield code="a">20130715              frey50        </subfield>
  </datafield>
  <datafield tag="101" ind1=" " ind2=" ">
    <subfield code="a">fre</subfield>
  </datafield>
  <datafield tag="200" ind1=" " ind2=" ">
    <subfield code="a">M&#xE9;dias et soci&#xE9;t&#xE9;s</subfield>
    <subfield code="b">LIVR</subfield>
    <subfield code="f">FRANCIS BALLE</subfield>
  </datafield>
  <datafield tag="210" ind1=" " ind2=" ">
    <subfield code="a">Paris</subfield>
    <subfield code="c">Montchrestien</subfield>
    <subfield code="d">1988</subfield>
  </datafield>
  <datafield tag="215" ind1=" " ind2=" ">
    <subfield code="a">634P.</subfield>
    <subfield code="d">22CM.</subfield>
  </datafield>
  <datafield tag="225" ind1=" " ind2=" ">
    <subfield code="a">Domat politique</subfield>
  </datafield>
  <datafield tag="410" ind1=" " ind2=" ">
    <subfield code="t">Domat politique</subfield>
  </datafield>
  <datafield tag="610" ind1=" " ind2=" ">
    <subfield code="a">MEDIAS</subfield>
    <subfield code="a">SCIENCE</subfield>
    <subfield code="a">SOCIETE</subfield>
  </datafield>
  <datafield tag="700" ind1="1" ind2=" ">
    <subfield code="a">BALLE</subfield>
    <subfield code="b">FRANCIS</subfield>
  </datafield>
  <datafield tag="995" ind1=" " ind2=" ">
    <subfield code="5">2022-04-22</subfield>
    <subfield code="9">13787</subfield>
    <subfield code="b">BENA</subfield>
    <subfield code="c">BENA</subfield>
    <subfield code="e">Magasin</subfield>
    <subfield code="f">B34867</subfield>
    <subfield code="k">B34867</subfield>
    <subfield code="o">0</subfield>
  </datafield>
</record>
